000 00375nam a2200169Ia 4500
008 221030s9999 xx 000 0 und d
020 _a0070540551
041 _aEnglish
082 _a105.23
_bShe
100 _aR. Sheldon
245 0 _aSQL - A Beginner`s Guide
250 _a2nd
260 _bTMH
_aNew Delhi
_c2003
300 _a542
650 _aComputers
942 _cBK
999 _c1774
_d1774